Элементы Вселенной: пер. с англ.
| Autore principale: | |
|---|---|
| Altri autori: | |
| Riassunto: | Из чего состоит вещество, как устроен мир, в котором мы живем и частью которого являемся - вот вопросы, о которых живо и увлекательно рассказывают авторы данной книги. Диапазон охваченных ими явлений грандиозен - от атома до Вселенной! Но не думайте, что все это рассказано скороговоркой, что книга скучна и громоздка. Напротив, ее можно читать, не отрываясь, от корки до корки. Громадное количество рисунков и фотографий делают знакомство с книгой настолько интересным и необычным, что моментами это больше походит на просмотр кадров кинофильма, чем на чтение книги. В этом - один из секретов увлекательности книги. Один из авторов книги Глен Сиборг - всемирно известный химик-ядерщик, лауреат Нобелевской премии, руководитель работ по созданию трансурановых элементов в США. Отдельные главы, посвященные новейшим достижениям науки, ее последним открытиям, писались самими авторами этих открытий (Лоуренсом, Сегре, Струве и др.). В этом другой секрет свежести и занимательности этой популярной книги. Немногие из научно-популярных книг могут похвастать таким подбором авторов. Посвященная детям, книга будет с увлечением читаться и взрослыми, потому что интереснейшие вещи, рассказанные и показанные авторами, не оставят равнодушным любого читателя - от школьника до ученого. В 1959 г. в США книга получила ежегодную премию за лучшую научную книгу для юношества, учрежденную Эдисоном. |
| Lingua: | russo |
| Pubblicazione: |
Москва, Наука, 1966
|
| Edizione: | 2-е изд., испр. |
| Soggetti: | |
| Natura: | Libro |
| KOHA link: | https://koha.lib.tpu.ru/cgi-bin/koha/opac-detail.pl?biblionumber=270280 |
MARC
| LEADER | 00000nam0a2200000 4500 | ||
|---|---|---|---|
| 001 | 270280 | ||
| 005 | 20231101234331.0 | ||
| 035 | |a (RuTPU)RU\TPU\book\293461 | ||
| 090 | |a 270280 | ||
| 100 | |a 20140925d1966 k y0rusy50 ca | ||
| 101 | 1 | |a rus |c eng | |
| 102 | |a RU | ||
| 105 | |a a z 000zy | ||
| 200 | 1 | |a Элементы Вселенной |e пер. с англ. |f Г. Т. Сиборг, Э. Г. Вэленс | |
| 205 | |a 2-е изд., испр. | ||
| 210 | |a Москва |c Наука |d 1966 | ||
| 215 | |a 264 с. |c ил. | ||
| 330 | |a Из чего состоит вещество, как устроен мир, в котором мы живем и частью которого являемся - вот вопросы, о которых живо и увлекательно рассказывают авторы данной книги. Диапазон охваченных ими явлений грандиозен - от атома до Вселенной! Но не думайте, что все это рассказано скороговоркой, что книга скучна и громоздка. Напротив, ее можно читать, не отрываясь, от корки до корки. Громадное количество рисунков и фотографий делают знакомство с книгой настолько интересным и необычным, что моментами это больше походит на просмотр кадров кинофильма, чем на чтение книги. В этом - один из секретов увлекательности книги. Один из авторов книги Глен Сиборг - всемирно известный химик-ядерщик, лауреат Нобелевской премии, руководитель работ по созданию трансурановых элементов в США. Отдельные главы, посвященные новейшим достижениям науки, ее последним открытиям, писались самими авторами этих открытий (Лоуренсом, Сегре, Струве и др.). В этом другой секрет свежести и занимательности этой популярной книги. Немногие из научно-популярных книг могут похвастать таким подбором авторов. Посвященная детям, книга будет с увлечением читаться и взрослыми, потому что интереснейшие вещи, рассказанные и показанные авторами, не оставят равнодушным любого читателя - от школьника до ученого. В 1959 г. в США книга получила ежегодную премию за лучшую научную книгу для юношества, учрежденную Эдисоном. | ||
| 606 | 1 | |a Атомы |2 stltpush |3 (RuTPU)RU\TPU\subj\29791 |9 53053 | |
| 606 | 1 | |a Периодическая система элементов |2 stltpush |3 (RuTPU)RU\TPU\subj\72133 |9 85718 | |
| 610 | 1 | |a химия | |
| 610 | 1 | |a алхимия | |
| 610 | 1 | |a периодическая таблица | |
| 610 | 1 | |a элементы | |
| 610 | 1 | |a циклотрон | |
| 610 | 1 | |a технеций | |
| 610 | 1 | |a нептуний | |
| 610 | 1 | |a Земля | |
| 610 | 1 | |a Вселенная | |
| 675 | |a 539.183 |v 3 | ||
| 675 | |a 546-123-048.4 |v 3 | ||
| 700 | 1 | |a Сиборг |b Г. Т. |g Гленн Теодор | |
| 701 | 1 | |a Вэленс |b Э. Г. | |
| 801 | 1 | |a RU |b 63413507 |c 20140925 | |
| 801 | 2 | |a RU |b 63413507 |c 20191015 |g RCR | |
| 942 | |c BK | ||